Benkő József szobra Középajtán
Elmentve itt :
| Szerző: | |
|---|---|
| Adatforrás: | Meister |
| Forrásdokumentuma: | Művelődés. - 2 sz., 1993, 10 p. |
| Nyelv: | magyar |
| Kulcsszavak: | művelődéstörténet műemlékek Benkő József szobor (Középajta) |
| LEADER | 00418nab a2200145 i 4500 | ||
|---|---|---|---|
| 001 | bibPRO00003089 | ||
| 008 | 060524s1993 xx hun | ||
| 040 | |a Sz1 | ||
| 041 | |a hun | ||
| 100 | 1 | |a SYLVESTER Lajos | |
| 245 | 1 | 0 | |a Benkő József szobra Középajtán |c SYLVESTER Lajos |
| 695 | |a művelődéstörténet | ||
| 695 | |a műemlékek | ||
| 695 | |a Benkő József szobor (Középajta) | ||
| 773 | 0 | |t Művelődés. - |g 2 sz., 1993, 10 p. | |